Comarca d'Olot : valls superiors del Fluvià / per Cesar August Torras valls superiors del Fluvià / per Cesar August Torras
Descripción Física:
XII, 282 p. : il. ; 19 cm + 1 map. pleg.
Colección:
Pirineu català / Avenç ; 6
MARC
| LEADER | 00000nam a2200000Ia 4500 | ||
|---|---|---|---|
| 001 | 14477 | ||
| 008 | 160829s1910 xx 000 0 cat d | ||
| 080 | |a H-2-156 | ||
| 100 | |a Torras, Cèsar August |9 25495 | ||
| 245 | |a Comarca d'Olot : |b valls superiors del Fluvià / per Cesar August Torras | ||
| 260 | |a Barcelona : |b Tip. l'Avenç, |c 1910 | ||
| 300 | |a XII, 282 p. : |b il. ; |c 19 cm + 1 map. pleg. | ||
| 490 | |a Pirineu català / Avenç ; 6 | ||
| 590 | |a Conté: 114 itineraris, 118 fotogravats i 1 mapa de la comarca. | ||
| 590 | |a Precedeix el títol: Guia itinerari | ||
| 650 | |a Olot |x Guies |9 25496 | ||
| 650 | |a Olot |x Circuits turístics |9 25497 | ||
| 901 | |a Arxiu | ||
| 942 | |n 1 | ||
| 952 | |0 0 |1 0 |4 0 |6 H2156 |7 1 |9 43646 |a Arxiu |b Arxiu |d 2016-12-01 |l 0 |o H-2-156 |p 14477 |r 2016-12-01 00:00:00 |w 2016-12-01 |y ARXIU | ||
| 999 | |c 46194 |d 46194 | ||